| 000 | 01150cam a22003133a 4500 | ||
|---|---|---|---|
| 001 | 5826 | ||
| 003 | PGUSA | ||
| 005 | 20140828083125.0 | ||
| 008 | 040601s2004||||xxu|||||s|||||000 | eng d | ||
| 040 |
_aPGUSA _beng |
||
| 042 | _adc | ||
| 050 | 4 | _aPR | |
| 100 | 1 |
_aBurney, Fanny, _d1752-1840 |
|
| 245 | 1 | 4 |
_aThe Diary and Letters of Madame D'Arblay — Volume 1 _h[electronic resource] / _cFanny Burney |
| 260 |
_bProject Gutenberg, _c2004 |
||
| 506 | _aPublic domain in the USA. | ||
| 516 | _aElectronic text | ||
| 653 | _aNovelists, English -- 18th century -- Diaries | ||
| 653 | _aBurney, Fanny, 1752-1840 -- Diaries | ||
| 653 | _aNovelists, English -- 19th century -- Diaries | ||
| 653 | _aGreat Britain -- Court and courtiers -- History -- 18th century | ||
| 653 | _aBurney, Fanny, 1752-1840 -- Correspondence | ||
| 653 | _aGreat Britain -- Court and courtiers -- History -- 19th century | ||
| 653 | _aNovelists, English -- 19th century -- Correspondence | ||
| 653 | _aNovelists, English -- 18th century -- Correspondence | ||
| 830 | 0 |
_aProject Gutenberg _v5826 |
|
| 856 | 4 | 0 | _uhttp://www.gutenberg.org/ebooks/5826 |
| 942 | _cEB | ||
| 999 |
_c235154 _d235154 |
||